|
|
|
|
| LEADER |
01694nam a2200385 a 4500 |
| 001 |
EBC1117144 |
| 003 |
MiAaPQ |
| 005 |
20200520144314.0 |
| 006 |
m o d | |
| 007 |
cr cn||||||||| |
| 008 |
120430s2012 mdu sb 001 0 eng d |
| 010 |
|
|
|z 2012015204
|
| 020 |
|
|
|z 9780739172803 (cloth : alk. paper)
|
| 020 |
|
|
|a 9780739172810 (electronic bk.)
|
| 035 |
|
|
|a (MiAaPQ)EBC1117144
|
| 035 |
|
|
|a (Au-PeEL)EBL1117144
|
| 035 |
|
|
|a (CaPaEBR)ebr10660096
|
| 035 |
|
|
|a (CaONFJC)MIL446120
|
| 035 |
|
|
|a (OCoLC)828423758
|
| 040 |
|
|
|a MiAaPQ
|c MiAaPQ
|d MiAaPQ
|
| 050 |
|
4 |
|a HB501
|b .K298 2012
|
| 082 |
0 |
4 |
|a 330.12/2
|2 23
|
| 100 |
1 |
|
|a Kaufman, Cynthia C.,
|d 1960-
|
| 245 |
1 |
0 |
|a Getting past capitalism
|h [electronic resource] :
|b history, vision, hope /
|c Cynthia Kaufman.
|
| 260 |
|
|
|a Lanham, Md. :
|b Lexington Books,
|c 2012.
|
| 300 |
|
|
|a xxi, 175 p.
|
| 440 |
|
0 |
|a Critical studies on the left
|
| 504 |
|
|
|a Includes bibliographical references and index.
|
| 505 |
0 |
|
|a Introduction -- What is capitalism and why it is a problem -- Ways not to think about getting past capitalism -- The reproduction of capitalist processes -- Getting past capitalism : or how to fight a hydra in a fog -- Alternatives to capitalism -- Practical steps for building a movement to get past capitalism -- Bibliography.
|
| 533 |
|
|
|a Electronic reproduction. Ann Arbor, MI : ProQuest, 2015. Available via World Wide Web. Access may be limited to ProQuest affiliated libraries.
|
| 650 |
|
0 |
|a Capitalism.
|
| 650 |
|
0 |
|a Economic policy.
|
| 655 |
|
4 |
|a Electronic books.
|
| 710 |
2 |
|
|a ProQuest (Firm)
|
| 856 |
4 |
0 |
|u https://ebookcentral.proquest.com/lib/matrademy/detail.action?docID=1117144
|z Click to View
|